Aquellas inapariencias
Na minha lista:
| Main Authors: | , |
|---|---|
| Formato: | Livro |
| Idioma: | espanhol |
| Publicado em: |
Quito
Trama
2006
|
| Edição: | 1a. ed |
| Assuntos: | |
| Tags: |
Adicionar Tag
Sem tags, seja o primeiro a adicionar uma tag!
|
MARC
| LEADER | 00000nam a2200000 a 4500 | ||
|---|---|---|---|
| 001 | UCH2869 | ||
| 003 | CL-VaPUC | ||
| 008 | 090702e20060000EC |||||||||||||||||spa|d | ||
| 020 | |a 9789978300435 | ||
| 082 | 0 | 4 | |a Ch861 |b AND |2 21 |
| 100 | 0 | |a Andrade, Dolores |e author |9 537927 | |
| 700 | 0 | |a Covarrubias, Carlos |e author |9 537928 | |
| 245 | 1 | 0 | |a Aquellas inapariencias |
| 250 | |a 1a. ed | ||
| 300 | |a 79 p | ||
| 942 | |c BK | ||
| 945 | |d 20090702 00:00:00 |a cmena | ||
| 260 | |a Quito |b Trama |c 2006 | ||
| 650 | 0 | |a Poesías chilenas |9 265280 | |
| 650 | 0 | |a Dibujos |9 264123 | |
| 583 | |a last modification |c 20150924 21:40:35 |k Rodrigo Vera | ||
| 999 | |c 334538 |d 334536 | ||
| 952 | |0 0 |1 0 |4 0 |6 CH_861_000000000000000_AND_2006 |7 0 |8 A |9 423636 |a BIBARQ |b BIBARQ |d 2019-11-22 |i 4570820 |l 3 |m 3 |o Ch861 AND 2006 |p 4570820 |r 2025-01-20 |s 2023-10-30 |w 2019-11-22 |y BK |k ARQ | ||